[Event "HUN-chT2 Erkel 1112"]
[Site "Hungary"]
[Date "2012.01.29"]
[Round "5.3"]
[White "Martini, Balazs"]
[Black "Matuska, Miklos"]
[Result "1-0"]
[WhiteElo "2314"]
[BlackElo "2167"]
[PlyCount "51"]
[EventDate "2011.09.25"]
[EventType "team-tourn"]
[EventRounds "11"]
[EventCountry "HUN"]
[SourceTitle "EXT 2013"]
[Source "ChessBase"]
[SourceDate "2012.11.22"]
[SourceVersion "1"]
[SourceVersionDate "2012.11.22"]
[SourceQuality "1"]
[WhiteTeam "Szigetszentmiklos"]
[BlackTeam "Pestszentlorinc"]
[WhiteTeamCountry "HUN"]
[BlackTeamCountry "HUN"]

1. d4 Nf6 2. Nf3 g6 3. g3 Bg7 4. Bg2 0-0 5. c4 d6 6. 0-0 Nc6 7. b3 a6 8. Bb2 Rb8 9. d5 Na5 10. Qe1 c5 11. Bc3 b6 12. e4 e5 13. dxe6 Bxe6 14. e5 Ng4 15. exd6 Qxd6 16. h3 Bxc3 17. Nxc3 Nf6 18. Qe3 Rfe8 19. Qg5 Kg7 20. Rad1 Qc7 21. Nd5 Bxd5 22. cxd5 Nb7 23. Nh4 Nd6 24. Qf4 Qe7 25. Nf3 Qe4 26. Qxd6 1-0